Library of the University of Algiers 3
Ibrahim Sultan Cheibout
شعار جامعة الجزائر 3
مكتبة جامعة الجزائر 3
إبراهيم سلطان شيبوط

سياسة تخطيط التنمية وإعادة تنظيم مسارها في الجزائر : (رقم التسجيلة. 43079)

تفاصيل مارك
000 -LEADER
fixed length control field 01298nam a2200241Ia 4500
003 - CONTROL NUMBER IDENTIFIER
control field Ost
005 - DATE AND TIME OF LATEST TRANSACTION
control field 20260507075121.0
008 - FIXED-LENGTH DATA ELEMENTS--GENERAL INFORMATION
fixed length control field 260507s9999||||xx |||||||||||||| ||und||
020 ## - INTERNATIONAL STANDARD BOOK NUMBER
International Standard Book Number 4039309961
040 ## - CATALOGING SOURCE
Transcribing agency fsecg
041 ## - LANGUAGE CODE
Language code of text/sound track or separate title ara
082 ## - DEWEY DECIMAL CLASSIFICATION NUMBER
Classification number 307.10965
100 ## - MAIN ENTRY--PERSONAL NAME
Personal name بهلول، محمد بلقاسم حسن
Relator term مؤلف
245 #0 - TITLE STATEMENT
Title سياسة تخطيط التنمية وإعادة تنظيم مسارها في الجزائر :
Remainder of title بناء قطاع إقتصادي عمومي رائد /
Statement of responsibility, etc. محمد بلقاسم حسن بهلول
260 ## - PUBLICATION, DISTRIBUTION, ETC.
Place of publication, distribution, etc. الجزائر:
Name of publisher, distributor, etc. ديوان المطبوعات الجامعية,
Date of publication, distribution, etc. 1999
300 ## - PHYSICAL DESCRIPTION
Extent 349 صفحة؛
Other physical details إيضاحات ؛
Dimensions 24 سم
520 ## - SUMMARY, ETC.
Summary, etc. بناء قطاع اقتصادي عمومي رائد- مميزات سياسة التنمية في الجزائر المستقلة- المخطط الثلاثي للتنمية 1967-1969- المخطط الرباعي للتنمية 1970-1973- المخطط الرباعي الثاني للتنمية 1974-1977.
653 ## - INDEX TERM--UNCONTROLLED
Uncontrolled term التنمية الإقتصادية- الجزائر
653 ## - INDEX TERM--UNCONTROLLED
Uncontrolled term الجزائر- السياسة الإجتماعية
653 ## - INDEX TERM--UNCONTROLLED
Uncontrolled term الجزائر- السياسة الإقتصادية
653 ## - INDEX TERM--UNCONTROLLED
Uncontrolled term علم الاجتماع الصناعي- الجزائر
942 ## - ADDED ENTRY ELEMENTS (KOHA)
Koha item type كتب
المقتنيات
Withdrawn status Lost status Source of classification or shelving scheme Damaged status Not for loan Home library Current library Date acquired Serial enumeration / chronology Inventory number Total checkouts Full call number Barcode Date last seen Price effective from Koha item type
    Dewey Decimal Classification   Available مكتبة كلية العلوم الإقتصادية والعلوم التجارية وعلوم التسيير مكتبة كلية العلوم الإقتصادية والعلوم التجارية وعلوم التسيير 07/05/2026 الطابق الأرضي 8037   أ/1922ج1ن1 8037 07/05/2026 07/05/2026 كتب
    Dewey Decimal Classification   Available مكتبة كلية العلوم الإقتصادية والعلوم التجارية وعلوم التسيير مكتبة كلية العلوم الإقتصادية والعلوم التجارية وعلوم التسيير 07/05/2026 الطابق الأرضي 8038   أ/1922ج1ن2 8038 07/05/2026 07/05/2026 كتب
    Dewey Decimal Classification   Available مكتبة كلية العلوم الإقتصادية والعلوم التجارية وعلوم التسيير مكتبة كلية العلوم الإقتصادية والعلوم التجارية وعلوم التسيير 07/05/2026 الطابق الثاني 8039   أ/1922ج1ن3 8039 07/05/2026 07/05/2026 كتب
    Dewey Decimal Classification   NOT LOAN / إعارة داخلية مكتبة كلية العلوم الإقتصادية والعلوم التجارية وعلوم التسيير مكتبة كلية العلوم الإقتصادية والعلوم التجارية وعلوم التسيير 07/05/2026 الطابق الثاني 8040   أ/1922ج1ن4 8040 07/05/2026 07/05/2026 كتب

موارد الويب المفتوحة


© University of Algiers 3 All Rights Reserved
|
Implemented by LECHELAH Riad